O menino chamado menino (Registo nº 311)

Detalhes MARC
000 -Etiqueta do registo
Cabeçalho 00627nam0a22002771 4500
005 - Identificador da versão
Campo de controlo 20240813121759.0
010 ## - Número internacional normalizado dos livros (ISBN)
Número (ISBN) 9724121232
021 ## - Número do Depósito Legal
Código do país PT
Número 165158/01
035 ## - Other System Control Numbers
System Control Number 0000323
System Control Number 0000322
System Control Number 0000322
System Control Number 0000316
100 ## - Dados gerais de processamento
Dados gerais de processamento 20041210d a e0pory5003 ba
102 ## - Pais de publicação ou produção
País de publicação Portugal
101 1# - Língua de publicação
Língua do texto, banda sonora, etc. Português
Língua do documento no original Português
106 ## - Campo de dados codificados: material textual
Dados codificados do material textual r
105 ## - Campo de dados codificados: livros
Dados codificados dos livros y z 001yy
215 ## - Descrição física 
Indicação específica da natureza do documento e extensão da espécie p. 65
Dimensões cm
200 1# - Titulo e menção de responsabilidade
Título próprio O menino chamado menino
Primeira menção de responsabilidade Álvaro Magalhães
205 ## - Menção da edição
Menção da edição 6ª edição
210 ## - Publicação, Distribuição, etc. 
Lugar da edição, distribuição, etc. Porto
Nome do editor, distribuidor, etc. Edições Asa
Data da publicação, distribuição, etc. 2001
942 ## - Elementos de entrada adicionados (Koha)
Tipo de item no Koha Livro
Exemplares
Situação do levantamento Origin of item (home branch) (coded) Biblioteca de empréstimo Código de barras Cota Circulation type (not for loan) Tipo de documento Nota do exemplar Damaged status
  Biblioteca Escolar Eng. Nuno Mergulhão Biblioteca Escolar Eng. Nuno Mergulhão BENM889 8POR MAG   Livro Sem mensagem